000 03496nam a22003253i 4500
001 121908
003 StDuBDS
005 20240418093957.0
007 cr||||||||||||
008 230320s2023 it go 000|0|ita d
020 _a9782808064712
040 _aStDuBDS
_beng
_erda
_cStDuBDS
100 1 _aAlice, Sanna,
_eauthor.
245 1 0 _aLa scheda di valutazione bilanciata /
_cSanna Alice.
264 1 _a[Place of publication not identified] :
_b50Minutes.com,
_c2023.
300 _a1 online resource
336 _atext
_2rdacontent
337 _aunmediated
_2rdamedia
338 _avolume
_2rdacarrier
366 _b20230120
_cAvailable
520 8 _aComprendete gli elementi essenziali della Balanced Scorecard in soli 50 minuti con questo libro pratico e conciso. La Balanced Scorecard uno strumento prezioso per il pensiero strategico che garantisce la coerenza tra le attivit quotidiane e la visione complessiva di un''azienda. Attraverso un''analisi basata sulla prospettiva finanziaria, sulla prospettiva del cliente, sui processi aziendali interni e sull''apprendimento, la crescita e l''innovazione, questo strumento di gestione estremamente efficace offre a manager, dipendenti e azionisti una panoramica completa dell''azienda e delle sue prestazioni. Questo libro vi fornir una pratica introduzione agli indicatori di mezzi e di performance legati alla Balanced Scorecard, tra cui la quota di mercato, la fedelt dei clienti e la soddisfazione dei dipendenti. Inoltre, contiene consigli pratici per l''implementazione dello strumento, una descrizione dei suoi principali vantaggi e svantaggi, tra cui l''incapacit di integrare pienamente l''ambiente esterno, e una discussione approfondita di un caso di studio.Informazioni sulla Balanced Scorecard: La Balanced Scorecard combina strategia e gestione e utilizza una serie di indicatori di performance per fornire una visione completa degli obiettivi e delle tattiche a breve e lungo termine di un''azienda. A differenza dei sistemi precedenti, che tendevano a essere meno dinamici e a basarsi su informazioni vecchie, la Balanced Scorecard tiene conto degli indicatori operativi, dei clienti e delle persone per fornire una valutazione molto pi approfondita dell''azienda. In questo libro scoprirete come la Balanced Scorecard pu aiutare la vostra azienda, conoscerete le diverse componenti del modello e comprenderete i numerosi indicatori coinvolti. Una chiara spiegazione dei vantaggi e dei potenziali svantaggi del metodo, la discussione di un caso pratico e una serie di consigli pratici vi forniranno gli strumenti necessari per adattare l''approccio alla vostra situazione.
520 8 _aBusiness book in Italian. This book will provide you with a practical introduction to the media and performance indicators related to the Balanced Scorecard, including market share, customer loyalty, and employee satisfaction. In addition, it contains practical advice for implementing the tool, a description of its main advantages and disadvantages, including the inability to fully integrate the external environment, and an in-depth discussion of a case study.
650 7 _aEconomics
650 7 _aEBOOK
650 7 _aMicroeconomics
650 7 _aBusiness strategy
_2thema
650 7 _aManagement & management techniques
_2thema
856 4 0 _uhttps://www.vlebooks.com/product/openreader?id=RICS&accId=9491556&isbn=9782808064712
_zAvailable via VLeBooks (email [email protected] for login details)
942 _2ddc
999 _c121908
_d121908